00797 2200301 4500001002100000005001500021035002000036007000300056040001700059100002900076245006100105250001000166300003100176020001800207041000800225082001000233084001600243090002500259264003800284336002100322337003000343338002300373650001800396850001000414008004100424990001500465990001500480INLIS00000000000914520260427095108 a0010-1122000104ta aSBPUPADbind0 aAbdul Ghofar;ePengarang1 aCara Dahsyat Me-Revolusi Kemampuan Otak\ /cAbdul Ghofar aCet.1 a139 hlm. :bilus. ;c14 cm a979-17088-5-10 aind a573.8 a573.8 GHO c a573.8 GHO c L 17 R 2 aYogyakarta :bGolden Books,c2011 2rdacontentateks 2rdamediaatanpa perantara 2rdacarrieravolume 4aRevolusi Otak aPUPAD260427 0  a671/B/2013 a670/B/2013